GPUnet: Networking Abstractions for GPU Programs (Record no. 347570)
[ view plain ]
| 000 -LEADER | |
|---|---|
| fixed length control field | 00491nam a2200133Ia 4500 |
| 008 - FIXED-LENGTH DATA ELEMENTS--GENERAL INFORMATION | |
| fixed length control field | 171207s9999 xx 000 0 und d |
| 100 ## - MAIN ENTRY--PERSONAL NAME | |
| Personal name | Silberstein, M. |
| 245 ## - TITLE STATEMENT | |
| Title | GPUnet: Networking Abstractions for GPU Programs |
| 245 ## - TITLE STATEMENT | |
| Statement of responsibility, etc | M. Silberstein S. Kim S. Huh X. Zhang Y. Hu A. Wated E. Witchel |
| 260 ## - PUBLICATION, DISTRIBUTION, ETC. (IMPRINT) | |
| Date of publication, distribution, etc | 2016 |
| 300 ## - PHYSICAL DESCRIPTION | |
| Extent | pages 11567, September 2016 |
| 440 ## - SERIES STATEMENT/ADDED ENTRY--TITLE | |
| Title | ACM Transactions on Computer Systems |
| Volume number/sequential designation | 34:3 |
| 650 ## - SUBJECT ADDED ENTRY--TOPICAL TERM | |
| Topical term or geographic name as entry element | GPGPUs, NETWORK SERVERS, OPERATING SYSTEMS DESIGN, ACCELERATORS |
| Withdrawn status | Lost status | Damaged status | Home library | Current library | Date acquired | Total Checkouts | Date last seen | Price effective from | Koha item type |
|---|---|---|---|---|---|---|---|---|---|
| College Library | College Library | 12/07/2017 | 12/07/2017 | 12/07/2017 | Periodicals |